00496nam a2200193 a 4500001001300000003000900013005001700022008004100039020000900080082001600089100002300105245003400128260005200162300000900214500003500223505001000258650001100268700002300279nice12345678IN_TiNIC20260116012718.0050524s1987 alia grp 000 0 urd  ac2500a297.4bFAR2 aFarahi, Ubaidullah aTasawwuf Ek Tajziyati Mutalaa aAligarhbIdara Tahqeeq-O-Tasneef-E-Islamic1987 a186p aincludes index and biblioraphy2 aIndex aSufism1 aFarahi, Ubaidullah